00549nam a22001457a 4500008004100000040005500041100002500096245016300121260005200284300000900336650001100345700001700356942001300373999001700386230714b |||||||| |||| 00| 0 eng d aNational Science LibrarycNational Science Library1 aStratton, Roy912701 aPhotographic technique for image enhancement: bPseudocolor two separation processc/ A report prepared by Rand Corporation Santa Monica, California July 1971 aWashington: bUS Department of Commerce, c1971 a36p. aReport aGazley, Carl 2udccREP c52597d52597